000 00419cam a22001457a 4500
008 180718b1967 xxu||||| |||| 00| 0 eng d
082 _aB263x54 B639
100 _aBombwall, K.R.
245 _aFoundations of Indian federalism
_cby K.R. Bombwall
260 _aBombay
_bAsia
_c1967
300 _a348p.
500 _aRs.25.00
650 _aConstitutional history --India.
650 _aFederal government --India --History
999 _c360451
_d360451